Statistics for Top Five States Where You Need the Highest Salaries to Afford the Average Home

Click here to take the quiz!

General Stats

  • This quiz has been taken 31 times
  • The average score is 4 of 5

Answer Stats

Cost Answer % Correct
$120,120California
100%
$153,120Hawaii
83%
$101,320Massachusetts
83%
$138,440Washington DC
77%
$100,200Colorado
50%

Score Distribution

Percentile by Number Answered

Percent of People with Each Score

Your Score History

You have not taken this quiz